Water management: (Record no. 7727)

MARC details
000 -LEADER
fixed length control field 00662 a2200181 4500
010 ## - LCCN (DPL NO)
LC control number ENG-88171
020 ## - INTERNATIONAL STANDARD BOOK NUMBER
Terms of availability 895.00
International Standard Book Number 9788189937294
035 ## - SYSTEM CONTROL NUMBER
System control number EN-71704
037 ## - SOURCE OF ACQUISITION
Source of stock number/acquisition DBAD / PUB
082 14 - DEWEY DECIMAL CLASSIFICATION NUMBER
Classification number 333.9115
100 ## - MAIN ENTRY--PERSONAL NAME
Personal name Singh, A.
245 1# - TITLE STATEMENT
Title Water management:
Statement of responsibility, etc by A. Singh [and] Seema Singh
Remainder of title [waste management, water borne diseases, water pollution, radioactive waste, sanitation and recycling of water]/
260 ## - PUBLICATION, DISTRIBUTION, ETC. (IMPRINT)
Place of publication, distribution, etc New Delhi
Name of publisher, distributor, etc Arise Publishers & Distributors
Date of publication, distribution, etc 2008
270 ## - ADDRESS
Address 4648/1, 21, Ansari Road, Darya Ganj,
City New Delhi
Postal code 110 002
300 ## - PHYSICAL DESCRIPTION
Extent 336p.
Dimensions 21cm(Hb)
700 ## - ADDED ENTRY--PERSONAL NAME
Personal name Seema Singh
942 ## - ADDED ENTRY ELEMENTS (KOHA)
Institution code [OBSOLETE] dpl
Item type English Books
Source of classification or shelving scheme Dewey Decimal Classification
Classification part 333.9115
Call number suffix SIN
Holdings
Withdrawn status Lost status Not for loan Collection code Home library Current library Source of acquisition Cost, normal purchase price Full call number Barcode Copy number Cost, replacement price Koha item type
    Not For Loan Non-fiction D.B.Act.Division D.B.Act.Division DBAD/PUB 895.00 333.9115 SIN EN-71704 1 895.00 English Books

© Delhi Public Library
Hit Counter
free hit counter